Normal view
MARC view
Entry Meeting Name
001 - CONTROL NUMBER
- control field: 16434
003 - CONTROL NUMBER IDENTIFIER
- control field: OSt
005 - DATE AND TIME OF LATEST TRANSACTION
- control field: 20211105134035.0
008 - FIXED-LENGTH DATA ELEMENTS
- fixed length control field: 211105|| aca||aabn | a|a d
040 ## - CATALOGING SOURCE
- Original cataloging agency: OSt
- Transcribing agency: OSt
111 ## - HEADING--MEETING NAME
- Meeting name or jurisdiction name as entry element: International Conference on Highlights in Gravitation and Cosmology
- Location of meeting: Goa, India
- Date of meeting or treaty signing: 1987 Dec. 14 - 19
670 ## - SOURCE DATA FOUND
- Source citation: Work cat.: (OSt): Iyer, B. R. 16433, Highlights in gravitation and cosmology, 1988